| 000 | 00999nam a2200229 a 4500 | ||
|---|---|---|---|
| 001 | 000041530 | ||
| 005 | 20201002035626.0 | ||
| 008 | 131009s1992 sp ac 000 0 spa d | ||
| 020 | _a8400072510 | ||
| 040 |
_aDO-SdBNP _bspa _cBNPHU |
||
| 082 |
_axxx _bM778i |
||
| 100 | 1 |
_aMontero de Espinosa, Marisa González _968257 |
|
| 245 | 1 | 3 |
_aLa Ilustración y el hombre Américano : _bdescripciones etnológicas de la Expedición Malaspina / _cMarisa González Montero de Espinosa ; prólogo de José Luis Peset. |
| 260 |
_aMadrid : _bConsejo Superior de Investigaciones Científicas, _c1992. |
||
| 300 |
_a181 p. : _bil., retrs. ; _c24 cm. |
||
| 490 | 1 |
_aBiblioteca de historia de América _v5 |
|
| 500 | _aIncluye datos biográficos del autor en la solapa de la cubierta. | ||
| 500 | _aIncluye referencias bibliográficas y notas al pie de las páginas. | ||
| 504 | _aBibliografía: p. 163-181 | ||
| 700 | 1 | 2 |
_aPeset, José Luis _epról. _967622 |
| 830 | 0 |
_aBiblioteca de historia de América _n5 _968258 |
|
| 999 |
_c41020 _d41020 |
||